Statistics for Countries with Z in their name

Click here to take the quiz!

General Stats

  • This quiz has been taken 129 times
    (82 since last reset)
  • The average score is 11 of 15

Answer Stats

Country% Correct
Zambia
99%
Zimbabwe
96%
Kazakhstan
81%
Mozambique
81%
Uzbekistan
79%
Azerbaijan
77%
Brazil
69%
Tanzania
67%
Switzerland
65%
Bosnia and Herzegovina
64%
New Zealand
63%
Kyrgyzstan
61%
Venezuela
60%
Belize
56%
Czechia
56%

Score Distribution

Percentile by Number Answered

Percent of People with Each Score

Your Score History

You have not taken this quiz since the last reset